L' Enseignement du dessin / (Record no. 187522)

MARC details
000 -LEADER
campo de control de longitud fija 00790nam a2200205 i 4500
001 - NÚMERO DE CONTROL
campo de control 187522
003 - IDENTIFICADOR DE NÚMERO DE CONTROL
campo de control ES-MaACL
005 - FECHA Y HORA DE LA ÚLTIMA TRANSACCIÓN
campo de control 20250815120051.0
008 - DATOS DE LONGITUD FIJA--INFORMACIÓN GENERAL
campo de control de longitud fija 171025s1908 fr |||| | fre d
245 00 - MENCIÓN DEL TÍTULO
Título L' Enseignement du dessin /
Mención de responsabilidad, etc. par MM. L. Guébin, A. Keller, G. Quénioux, P. Cathoire, L. Francken.
260 ## - PUBLICACIÓN, DISTRIBUCIÓN, ETC.
Lugar de publicación, distribución, etc. Paris :
Nombre del editor, distribuidor, etc. Musée Pedagogique,
Fecha de publicación, distribución, etc. 1908 (
Fabricante Impr. Nationale)
300 ## - DESCRIPCIÓN FÍSICA
Extensión 223 p. ;
Dimensiones 20 cm.
490 1# - MENCIÓN DE SERIE
Mención de serie Publications du Musée Pédagogique ;
Designación de volumen o secuencia Nouvelle série ; 14
650 #4 - PUNTO DE ACCESO ADICIONAL DE MATERIA--TÉRMINO DE MATERIA
Término de materia o nombre geográfico como elemento de entrada Dibujo-
Subdivisión general Enseñanza
9 (RLIN) 11861
700 1# - ENTRADA AGREGADA--NOMBRE PERSONAL
Nombre de persona Guébin, Louis (
Fechas asociadas al nombre 1854-1933)
9 (RLIN) 163761
710 2# - ENTRADA AGREGADA--NOMBRE DE ENTIDAD CORPORATIVA
Nombre de entidad corporativa o nombre de jurisdicción como elemento de entrada Musée Pédagogique (Paris)
9 (RLIN) 163741
830 0# - PUNTO DE ACCESO ADICIONAL DE SERIE-TÍTULO UNIFORME
Título uniforme Publications du Musée Pédagogique ;
Designación de volumen o secuencia Nouvelle série ; 14
9 (RLIN) 192794
852 ## - LOCALIZACIÓN
Ubicación ES-MaACL
Número de control de estantería F-5980(2)
Holdings
Estatus retirado Estado de pérdida Estado de daño No para préstamo Biblioteca de origen Biblioteca actual Ubicación en estantería Fecha de adquisición Fuente de adquisición Total de préstamos Signatura topográfica completa Código de barras Visto por última vez Precio de reemplazo Tipo de ítem Koha
        Biblioteca del Ateneo de Madrid Biblioteca del Ateneo de Madrid Depósito 2 25/10/2017     F-5980(2) 1198045 23/02/2023 23/02/2023 Libro impreso